| 000 | 00802nam a2200265 a 4500 | ||
|---|---|---|---|
| 001 | 70188 | ||
| 003 | BD-RjUL | ||
| 005 | 20211209081955.0 | ||
| 008 | 170416s1977 nyua b 001 0 eng | ||
| 020 | _a0121457508 | ||
| 035 | _a(BD-RjUL)70401 | ||
| 040 |
_aDLC _cDLC _dDLC _dBD-RjUL _beng |
||
| 041 | _aeng | ||
| 082 | 0 | 0 |
_223 _a512.2 _bBUI 1977 |
| 100 | 1 |
_aBurns, Gerald _d1932- _9207861 |
|
| 245 | 1 | 0 |
_aIntroduction to group theory with applications / _cGerald Burns. |
| 260 |
_aNew York : _bAcademic Press, _c1977. |
||
| 300 |
_axv, 429 p. : _bill. ; _c24 cm. |
||
| 490 | 0 | _aMaterials science and technology | |
| 504 | _aIncludes Bibliography and index | ||
| 650 | 0 |
_aGroup theory. _9207862 |
|
| 830 |
_aMaterials science and technology _9207863 |
||
| 942 |
_2ddc _cBK |
||
| 999 |
_c70188 _d70188 |
||